<?xml version="1.0" encoding="UTF-8"?>
<record
    xmlns:xsi="http://www.w3.org/2001/XMLSchema-instance"
    xsi:schemaLocation="http://www.loc.gov/MARC21/slim http://www.loc.gov/standards/marcxml/schema/MARC21slim.xsd"
    xmlns="http://www.loc.gov/MARC21/slim">

  <leader>00405nam a2200181Ia 4500</leader>
  <controlfield tag="008">220531s9999    xx            000 0 und d</controlfield>
  <datafield tag="041" ind1=" " ind2=" ">
    <subfield code="a">eng</subfield>
  </datafield>
  <datafield tag="082" ind1=" " ind2=" ">
    <subfield code="b">NAM / LAH</subfield>
  </datafield>
  <datafield tag="100" ind1=" " ind2=" ">
    <subfield code="a">Lahiri, Jhumpa</subfield>
    <subfield code="9">50955</subfield>
  </datafield>
  <datafield tag="245" ind1=" " ind2=" ">
    <subfield code="a">Namesake</subfield>
  </datafield>
  <datafield tag="250" ind1=" " ind2=" ">
    <subfield code="a">1ST</subfield>
  </datafield>
  <datafield tag="260" ind1=" " ind2=" ">
    <subfield code="b">Harper Collins</subfield>
    <subfield code="c">2006</subfield>
  </datafield>
  <datafield tag="300" ind1=" " ind2=" ">
    <subfield code="a">291</subfield>
  </datafield>
  <datafield tag="542" ind1=" " ind2=" ">
    <subfield code="d">01-03-2007</subfield>
  </datafield>
  <datafield tag="650" ind1=" " ind2=" ">
    <subfield code="a">English</subfield>
    <subfield code="9">50956</subfield>
  </datafield>
  <datafield tag="906" ind1=" " ind2=" ">
    <subfield code="d">2006-2007</subfield>
  </datafield>
  <datafield tag="999" ind1=" " ind2=" ">
    <subfield code="c">29692</subfield>
    <subfield code="d">29692</subfield>
  </datafield>
  <datafield tag="952" ind1=" " ind2=" ">
    <subfield code="0">0</subfield>
    <subfield code="1">0</subfield>
    <subfield code="2">ddc</subfield>
    <subfield code="4">0</subfield>
    <subfield code="7">0</subfield>
    <subfield code="8">Engilsh</subfield>
    <subfield code="a">SSMM</subfield>
    <subfield code="b">SSMM</subfield>
    <subfield code="d">2007-03-01</subfield>
    <subfield code="e">International</subfield>
    <subfield code="g">395.00</subfield>
    <subfield code="l">2</subfield>
    <subfield code="n">1</subfield>
    <subfield code="o">/NAM/LAH/B/10687</subfield>
    <subfield code="p">SSMM-BK-10687</subfield>
    <subfield code="r">2025-02-24 00:00:00</subfield>
    <subfield code="s">2025-02-12</subfield>
    <subfield code="w">2022-08-06</subfield>
    <subfield code="y">BK</subfield>
    <subfield code="z">010010687</subfield>
  </datafield>
</record>
